| 000 | 01171nam0a2200337 4500 | ||
|---|---|---|---|
| 001 | RU\NLR\bibl\1827169 | ||
| 005 | 20250616163044.0 | ||
| 010 |
_a978-5-98704-582-4 _9500 |
||
| 021 |
_aRU _b2011-77960 _95548 |
||
| 035 | _a(NLR Aleph) 001817689 | ||
| 090 |
_a1961423 _c1961423 |
||
| 100 | _a20111031d2011 |||y0rusy50 ca | ||
| 101 | 0 | _arus | |
| 102 | _aRU | ||
| 105 | _ay ||||||||| | ||
| 200 | 1 |
_aТри века русского развода (XVI-XVIII века) _fМ.К. Цатурова |
|
| 210 |
_aМосква _cЛогос _d2011 |
||
| 215 |
_a285 с. _d21 |
||
| 320 | _aБиблиогр.: с. 267-285 и в подстроч. примеч. | ||
| 606 | 1 |
_aСемья и брак _xИстория _yРоссия _z16 - 18 вв. _92439827 _3RU\NLR\auth\661451542 |
|
| 606 | 1 |
_aРазвод _xИстория _yРоссия _92627555 _3RU\NLR\auth\661564115 |
|
| 686 | _aТ3(2)4-75 | ||
| 686 | _aХ839(2)735.3 | ||
| 700 | 1 |
_aЦатурова _bМ. К. _gМарина Карленовна _4070 |
|
| 801 | 0 |
_aRU _bNLR _c20111031 _gRCR |
|
| 801 | 1 |
_aRU _bNLR _c20111031 |
|
| 830 | _aавт. по кн. | ||
| 942 | _cBOOK | ||
| 980 | _aNB | ||
| 980 | _aNBR | ||